000 00280nam a22001217a 4500
008 180423b xxu||||| |||| 00| 0 eng d
041 _aeng
080 _a043.3
100 _a0
101 _aMEK-BA
245 _aMachine Learning in Image Processing
_cKabashi, N
942 _2udc
_cBK
999 _c45433
_d45433